000 00672nam a2200217 4500
001 120155
003 ES-MaACL
005 20250801131227.0
007 t|
008 070214s1972 sp r ||||1| spa d
100 1 _aPiotte, Jean-Marc.
_992310
245 1 3 _aEl pensamiento político de Gramsci /
_cJean-Marc Piotte ; [traducción, Alfonso Bozzo].
260 _aBarcelona :
_bA. Redondo,
_c1972.
300 _a267 p. ;
_c18 cm.
490 1 _aBeta ;
_v32
600 1 4 _aGramsci, Antonio,
_d1891-1937-
_xPensamiento político
_9172020
700 1 _aBozzo, Alfonso.
_931219
830 1 _aBeta ;
_v32
_9182807
852 _aES-MaACL
_jC-50006
999 _c120155
_d120155